000
00289nam a22001217a 4500
008
180921b xxu||||| |||| 00| 0 eng d
041
_a
eng
080
_a
338
100
_a
52
101
_a
EKO
245
_a
The Role of Agriculture in Economic Development
_c
Thorbecke, E
942
_2
udc
_c
BK
999
_c
48177
_d
48177